Satellite 3; a three year course. a book for spanish-speaking learners /
Guardado en:
| Autor Principal: | |
|---|---|
| Formato: | Libro |
| Publicado: |
Buenos Aires :
Kapelusz,
1984
|
| Materias: | |
| Etiquetas: |
Agregar Etiqueta
Sin Etiquetas, Sea el primero en etiquetar este registro!
|
| LEADER | 00575nam a22001815a 4500 | ||
|---|---|---|---|
| 001 | CEM.cems002836 | ||
| 005 | 20060221000000.0 | ||
| 008 | 130507s1984##################000#0#####d | ||
| 003 | CEMS | ||
| 082 | 0 | 4 | |a 428.64 |
| 100 | 1 | |a Genijovich, Ana Rosa R de, Dir. | |
| 245 | 1 | 0 | |a Satellite 3; a three year course. a book for spanish-speaking learners / |c Ana Rosa R de Genijovich |
| 260 | |a Buenos Aires : |b Kapelusz, |c 1984 | ||
| 300 | |a 79 p. | ||
| 653 | |a Ingles | ||
| 653 | |a Ingles 3er. año | ||
| 653 | |a Ingles-textos | ||
| 859 | |a CEMS |b BIB. CEMS - 11 de abril |h 428.64 |i Sa82/III |p 12983.84 |t Ej.1 | ||
